000
00296 a2200145 4500
001
170094
020
_a
040
_c
Magnum
100
_a
Olivieri, Antonio Carlos
240
1
0
_a
Sherlock moreira
_l
por
245
1
0
_a
Sherlock moreira
362
0
_a
1899
697
_a
J/AVENTURA
942
_c
BK
999
_c
170094
_d
170094